[Event "XXVI Festival A"]
[Site "Arco ITA"]
[Date "2014.10.11"]
[Round "8"]
[White "Illi, Hans-Joerg"]
[Black "Buglisi, Massimo"]
[WhiteElo "2127"]
[BlackElo "1923"]
[Result "1-0"]
[PlyCount "67"]
[EventDate "2014.10.04"]

1. d4 g6 2. Nf3 Bg7 3. c3 Nf6 4. Bg5 Ne4 5. Bf4 c5 6. e3 O-O 7. Nbd2 Nxd2 8.
Qxd2 d6 9. Be2 Nc6 10. O-O e5 11. Bg3 e4 12. Ne1 h5 13. h3 Re8 14. Rd1 Bf5 15.
Nc2 a6 16. b4 h4 17. Bh2 Qg5 18. Bf4 Qf6 19. bxc5 dxc5 20. Rb1 b5 21. a3 Rad8
22. Rfd1 Qe7 23. Qc1 g5 24. Bh2 Qe6 25. Rd2 g4 26. hxg4 Bxg4 27. d5 Qd7 28.
dxc6 Qxd2 29. Bxg4 f5 30. Bxf5 Rf8 31. Qxd2 Rxd2 32. Bxe4 Rfd8 33. Ne1 Rd1 34.
c7 1-0

[Event "XXVI Festival A"]
[Site "Arco ITA"]
[Date "2014.10.11"]
[Round "8"]
[White "Karl, Hans"]
[Black "Medancic, Rikard"]
[WhiteElo "2105"]
[BlackElo "2202"]
[Result "1/2-1/2"]
[PlyCount "77"]
[EventDate "2014.10.04"]

1. e4 d5 2. exd5 Qxd5 3. Nc3 Qd6 4. d4 Nf6 5. Nb5 Qd8 6. Be2 a6 7. Nc3 Nc6 8.
Nf3 Bf5 9. Be3 h6 10. O-O e6 11. h3 Be7 12. a3 O-O 13. Bd3 Bxd3 14. Qxd3 Qd6
15. Rad1 Rfd8 16. Rfe1 b5 17. Ne4 Nxe4 18. Qxe4 Qd5 19. Qxd5 Rxd5 20. Bf4 Bd6
21. Bxd6 Rxd6 22. c3 Rad8 23. Rd2 Na5 24. Rde2 Nb3 25. Nd2 c5 26. f4 Nxd2 27.
Rxd2 Rd5 28. Red1 g5 29. fxg5 hxg5 30. Kf2 e5 31. Ke3 exd4+ 32. cxd4 Re8+ 33.
Kf3 c4 34. g4 Kg7 35. Re2 Rxe2 36. Kxe2 Rd7 37. Kf3 Re7 38. b3 cxb3 39. Rb1
1/2-1/2

[Event "XXVI Festival A"]
[Site "Arco ITA"]
[Date "2014.10.11"]
[Round "8"]
[White "Ludwig, Timm"]
[Black "Antoniacci, Riccardo"]
[WhiteElo "1649"]
[BlackElo "1844"]
[Result "0-1"]
[PlyCount "76"]
[EventDate "2014.10.04"]

1. d4 Nf6 2. c4 Nc6 3. Nf3 e6 4. a3 d5 5. e3 Ne4 6. Nbd2 f5 7. cxd5 exd5 8.
Nxe4 fxe4 9. Nd2 Bd6 10. Qh5+ g6 11. Qxd5 Bf5 12. Bc4 Qe7 13. Nf1 O-O-O 14. Qb5
h5 15. Ng3 Bd7 16. Qb3 h4 17. Ne2 Rhf8 18. Qc2 h3 19. g3 Bg4 20. Nf4 Bxf4 21.
gxf4 Bf3 22. Rg1 Bg2 23. Bf1 g5 24. Bxg2 hxg2 25. Rxg2 gxf4 26. Qc3 f3 27. Rg3
Rh8 28. h3 Qe6 29. b4 Rxh3 30. Rxh3 Qxh3 31. Kd1 Ne5 32. Bd2 Nd3 33. Be1 Qf1
34. Qd2 Rg8 35. Kc2 Rg2 36. Kc3 Nxe1 37. Rxe1 Qxf2 38. Qc1 Qa2 0-1

[Event "XXVI Festival A"]
[Site "Arco ITA"]
[Date "2014.10.11"]
[Round "8"]
[White "Martinez, Guido"]
[Black "Ottaviani, Gianluca"]
[WhiteElo "1856"]
[BlackElo "1982"]
[Result "0-1"]
[PlyCount "110"]
[EventDate "2014.10.04"]

1. d4 Nf6 2. c4 e6 3. Nc3 Bb4 4. Bd2 c5 5. a3 Bxc3 6. Bxc3 Ne4 7. Qd3 Nxc3 8.
Qxc3 cxd4 9. Qxd4 O-O 10. Rd1 Nc6 11. Qd2 Qf6 12. Nf3 Rd8 13. e3 b6 14. Be2 Bb7
15. O-O d5 16. cxd5 Rxd5 17. Qc2 Rc5 18. Qb1 Ne5 19. Nxe5 Rxe5 20. Rd7 Be4 21.
Qd1 Rg5 22. f3 Bc6 23. Rd6 Bb5 24. Bxb5 Rxb5 25. b4 Rc8 26. Rd7 h5 27. Qd3 Rg5
28. e4 g6 29. Rxa7 Qb2 30. g3 Rc2 31. Qd8+ Kg7 32. Rxf7+ Kxf7 33. Qd7+ Kf6 34.
Qd8+ Kg7 35. Qe7+ Kh8 36. Qd8+ Kh7 37. Qe7+ Kh8 38. Qd8+ Kh7 39. Qe7+ Kh6 40.
Qf8+ Kh7 41. Qe7+ Kh6 42. Qf8+ Qg7 43. Qf4 h4 44. h3 hxg3 45. Rd1 e5 46. Qe3
Kh5 47. Rd8 g2 48. Qe1 b5 49. Ra8 Kh6 50. h4 Rh5 51. Qe3+ Kh7 52. Ra7 Rc7 53.
Ra6 Qd7 54. Rxg6 Rxh4 55. Qg5 Rc2 0-1

[Event "XXVI Festival A"]
[Site "Arco ITA"]
[Date "2014.10.11"]
[Round "8"]
[White "Messina, Roberta"]
[Black "Schaefer, Michael"]
[WhiteElo "2006"]
[BlackElo "2155"]
[Result "1/2-1/2"]
[PlyCount "62"]
[EventDate "2014.10.04"]

1. d4 d5 2. c4 e6 3. Nf3 Nf6 4. g3 Bb4+ 5. Bd2 Be7 6. Bg2 O-O 7. O-O c6 8. Qc2
b6 9. Rd1 a5 10. Bg5 Nbd7 11. Nbd2 Ba6 12. Bxf6 Bxf6 13. e4 Rc8 14. Rac1 c5 15.
e5 Be7 16. cxd5 cxd4 17. Qe4 Rxc1 18. Rxc1 exd5 19. Qxd5 d3 20. Nd4 Nc5 21. Nc6
Qc7 22. a3 Bb7 23. Nxe7+ Qxe7 24. Qd6 Qxd6 25. exd6 Bxg2 26. Kxg2 Rd8 27. b4
axb4 28. axb4 Nb7 29. Rc6 Rxd6 30. Rxd6 Nxd6 31. Kf3 Kf8 1/2-1/2

[Event "XXVI Festival A"]
[Site "Arco ITA"]
[Date "2014.10.11"]
[Round "8"]
[White "Modena, Giorgio"]
[Black "Oppici, Gabriele"]
[WhiteElo "1920"]
[BlackElo "1987"]
[Result "1-0"]
[PlyCount "67"]
[EventDate "2014.10.04"]

1. e4 Nc6 2. d4 e5 3. Nf3 exd4 4. Nxd4 Bb4+ 5. c3 Bc5 6. Be3 Bb6 7. Nd2 Nf6 8.
Bd3 Ne5 9. Be2 d5 10. Bg5 h6 11. Bh4 Ng6 12. Bxf6 Qxf6 13. exd5 Nf4 14. Rg1 O-O
15. N2f3 Bg4 16. h3 Bxf3 17. Bxf3 Rfe8+ 18. Kf1 Bxd4 19. Qxd4 Qxd4 20. cxd4
Rad8 21. h4 Kf8 22. g3 Nxd5 23. Kg2 c6 24. Rge1 Rxe1 25. Rxe1 Nb4 26. Rd1 Ke7
27. a3 Nd5 28. Kf1 Kd6 29. Ke2 a5 30. Kd3 Re8 31. Be4 Nf6 32. Bf3 h5 33. Rc1 b6
34. Rxc6+ 1-0

[Event "XXVI Festival A"]
[Site "Arco ITA"]
[Date "2014.10.11"]
[Round "8"]
[White "Moratto, Davide"]
[Black "Kern, Beat"]
[WhiteElo "1796"]
[BlackElo "1622"]
[Result "1/2-1/2"]
[PlyCount "64"]
[EventDate "2014.10.04"]

1. Nf3 d5 2. g3 Nf6 3. Bg2 g6 4. O-O Bg7 5. d4 O-O 6. c4 c6 7. cxd5 cxd5 8. Nc3
Nc6 9. Re1 a6 10. Qb3 Na5 11. Qd1 Bd7 12. Ne5 Rc8 13. Nxd5 Nxd5 14. Bxd5 e6 15.
Bg2 Bc6 16. Nxc6 Nxc6 17. e3 Qb6 18. Re2 Rfd8 19. b3 Nb4 20. Ba3 Nd5 21. Rc1
Nc3 22. Rec2 Nxd1 23. Rxc8 Bf6 24. Rxd8+ Bxd8 25. Rxd1 Bf6 26. Bc5 Qb5 27. Bf1
Qd7 28. a4 Be7 29. Bb6 Bd8 30. Bc5 Be7 31. Bb6 Bd8 32. Bc5 Be7 1/2-1/2

[Event "XXVI Festival A"]
[Site "Arco ITA"]
[Date "2014.10.11"]
[Round "8"]
[White "Moro, Roberto"]
[Black "Roessner, Uwe"]
[WhiteElo "1748"]
[BlackElo "1866"]
[Result "1/2-1/2"]
[PlyCount "46"]
[EventDate "2014.10.04"]

1. e4 d6 2. d4 Nf6 3. Nc3 e5 4. dxe5 dxe5 5. Qxd8+ Kxd8 6. Bg5 Be6 7. O-O-O+
Kc8 8. Bxf6 gxf6 9. Nd5 Nd7 10. g3 c6 11. Ne3 a5 12. Bc4 b5 13. Bxe6 fxe6 14.
Kb1 Kc7 15. Ne2 Nc5 16. Rhf1 Nxe4 17. f3 Nc5 18. Ng4 Be7 19. f4 e4 20. Ne3 f5
21. g4 Rhf8 22. gxf5 exf5 23. Nd4 Rf7 1/2-1/2

[Event "XXVI Festival A"]
[Site "Arco ITA"]
[Date "2014.10.11"]
[Round "8"]
[White "Naumkin, Igor"]
[Black "De Santis, Alessio"]
[WhiteElo "2442"]
[BlackElo "2263"]
[Result "1-0"]
[PlyCount "123"]
[EventDate "2014.10.04"]

1. d4 Nf6 2. c4 e6 3. Nf3 b6 4. g3 Bb7 5. Bg2 Be7 6. Nc3 Ne4 7. Bd2 O-O 8. d5
Nxd2 9. Qxd2 d6 10. O-O e5 11. Ne1 Nd7 12. f4 exf4 13. gxf4 a6 14. Nf3 Re8 15.
e4 Bf6 16. Nd4 Bxd4+ 17. Qxd4 Qf6 18. Qd2 Qh6 19. Rae1 Ne5 20. Qd4 Ng6 21. Qf2
Bc8 22. Re3 Nh4 23. Rg3 Nxg2 24. Kxg2 Qf6 25. a4 Bd7 26. Re1 Rab8 27. e5 dxe5
28. fxe5 Qxf2+ 29. Kxf2 Bf5 30. Rge3 Kf8 31. Ne2 Bd7 32. b3 Re7 33. Nd4 Rbe8
34. h4 a5 35. Kg3 h5 36. Kf4 g6 37. Kg5 Kg7 38. Kf4 Kh6 39. Nf3 Kg7 40. Rc1 Bg4
41. Nd4 Rd7 42. Nb5 Kh6 43. Nc3 Bf5 44. Ne2 Bg4 45. Ng3 Rde7 46. Rce1 Kg7 47.
Nf1 Rd8 48. Nh2 Bf5 49. Nf3 Rde8 50. Rc1 Rd7 51. Nd4 Bg4 52. Nc6 Bf5 53. Rf1
Kh6 54. Kg3 Kg7 55. Rxf5 gxf5 56. Kf4 Kh6 57. Rg3 f6 58. exf6 Rf7 59. Kxf5 Re1
60. Ne5 Rf1+ 61. Nf3 Rb1 62. Rg6+ 1-0

[Event "XXVI Festival A"]
[Site "Arco ITA"]
[Date "2014.10.11"]
[Round "8"]
[White "Occari, Maurizio"]
[Black "Perman, Denis"]
[WhiteElo "2036"]
[BlackElo "1835"]
[Result "0-1"]
[PlyCount "68"]
[EventDate "2014.10.04"]

1. e4 c5 2. Nc3 Nc6 3. f4 g6 4. Nf3 Bg7 5. Bc4 e6 6. e5 Nge7 7. d4 cxd4 8. Nxd4
O-O 9. Be3 Nxd4 10. Bxd4 Nf5 11. Bf2 b6 12. Bd3 Bb7 13. Be4 Ba6 14. Bxa8 Qxa8
15. Rg1 d6 16. g4 dxe5 17. gxf5 Rd8 18. Qg4 exf5 19. Qh3 exf4 20. Rd1 Bxc3+ 21.
Qxc3 Qe4+ 22. Be3 Rxd1+ 23. Kxd1 Qf3+ 24. Kc1 Qxe3+ 25. Qxe3 fxe3 26. b3 f4 27.
c4 f3 28. Kd1 f5 29. Rg3 f2 30. Ke2 f4 31. Rg4 f3+ 32. Kf1 Bc8 33. Rg3 Bb7 34.
Rg5 Be4 0-1

[Event "XXVI Festival A"]
[Site "Arco ITA"]
[Date "2014.10.11"]
[Round "8"]
[White "Perman, Sergey"]
[Black "Olivetti, Davide"]
[WhiteElo "2150"]
[BlackElo "1936"]
[Result "1/2-1/2"]
[PlyCount "80"]
[EventDate "2014.10.04"]

1. e4 c6 2. d4 d5 3. Nd2 dxe4 4. Nxe4 Bf5 5. Ng3 Bg6 6. h4 h6 7. Nf3 Nd7 8. h5
Bh7 9. Bd3 Bxd3 10. Qxd3 e6 11. Bd2 Ngf6 12. O-O-O Be7 13. Kb1 O-O 14. Ne4 Nxe4
15. Qxe4 Nf6 16. Qe2 Qd5 17. Ne5 Qe4 18. Be3 Nd5 19. Nc4 Nxe3 20. fxe3 Rad8 21.
Nd2 Qd5 22. c3 c5 23. e4 Qc6 24. Nf3 cxd4 25. cxd4 Bf6 26. Rc1 Qb6 27. e5 Be7
28. Rc4 Rc8 29. Qc2 Rc6 30. Rxc6 bxc6 31. Rc1 Rb8 32. Rd1 Ba3 33. Rd2 Qb5 34.
b3 a5 35. Rd3 a4 36. Nd2 Qd5 37. Nc4 axb3 38. Rxb3 Rxb3+ 39. axb3 Be7 40. Qb2
c5 1/2-1/2

[Event "XXVI Festival A"]
[Site "Arco ITA"]
[Date "2014.10.11"]
[Round "8"]
[White "Pipitone, Antonio"]
[Black "Dieli, Riccardo"]
[WhiteElo "1955"]
[BlackElo "1857"]
[Result "1/2-1/2"]
[PlyCount "78"]
[EventDate "2014.10.04"]

1. e4 c5 2. Nf3 Nc6 3. d4 cxd4 4. Nxd4 d6 5. Be3 Nf6 6. Bd3 Ng4 7. O-O g6 8.
Nxc6 Nxe3 9. fxe3 bxc6 10. Bc4 e6 11. Qd4 Rg8 12. c3 Bg7 13. Qd2 Be5 14. Qf2
Rf8 15. Nd2 Rb8 16. Rab1 Bd7 17. Nb3 Qc7 18. Qh4 h5 19. Nd4 d5 20. exd5 cxd5
21. Bd3 Bg7 22. Rf2 Bh6 23. Re1 Qd8 24. Qg3 g5 25. Qe5 Rb6 26. Ref1 g4 27. Rxf7
Rxf7 28. Bg6 Qg5 29. Qh8+ Ke7 30. Rxf7+ Kd6 31. Rxd7+ Kxd7 32. Qe8+ Kd6 33.
Qxe6+ Kc7 34. Qf7+ Kb8 35. Qe8+ Kb7 36. Qd7+ Kb8 37. Qe8+ Kb7 38. Qd7+ Kb8 39.
Qe8+ Kb7 1/2-1/2

[Event "XXVI Festival A"]
[Site "Arco ITA"]
[Date "2014.10.11"]
[Round "8"]
[White "Pistone, Salvatore"]
[Black "Giaracuni, Claudio"]
[WhiteElo "1561"]
[BlackElo "1776"]
[Result "1/2-1/2"]
[PlyCount "47"]
[EventDate "2014.10.04"]

1. e4 e6 2. d4 d5 3. exd5 exd5 4. Nf3 Bf5 5. Bd3 Bxd3 6. Qxd3 c6 7. O-O Nf6 8.
Nc3 Be7 9. Bd2 O-O 10. Rfe1 Re8 11. Re2 Nbd7 12. Rae1 Bd6 13. Rxe8+ Nxe8 14.
Bg5 Qc7 15. Bh4 Nf8 16. Ne2 Ng6 17. Bg3 Nf6 18. Bxd6 Qxd6 19. c3 Re8 20. Qd1
Nh5 21. Ng3 Rxe1+ 22. Qxe1 Nxg3 23. hxg3 Kf8 24. Ne5 1/2-1/2

[Event "XXVI Festival A"]
[Site "Arco ITA"]
[Date "2014.10.11"]
[Round "8"]
[White "Popa, Claudiu"]
[Black "Battistella, Stefano"]
[WhiteElo "2119"]
[BlackElo "2045"]
[Result "1/2-1/2"]
[PlyCount "41"]
[EventDate "2014.10.04"]

1. e4 Nf6 2. e5 Nd5 3. Nc3 Nxc3 4. dxc3 Nc6 5. Nf3 d6 6. Bf4 Bg4 7. Be2 g6 8.
h3 Bxf3 9. Bxf3 Bg7 10. Qe2 Nxe5 11. Bxe5 Bxe5 12. Bxb7 Rb8 13. Bc6+ Kf8 14.
O-O-O Kg7 15. Qc4 e6 16. Rhe1 Bf6 17. Rd3 d5 18. Qc5 Rb6 19. Ba4 Qd6 20. Qxd6
cxd6 21. Bb3 1/2-1/2

[Event "XXVI Festival A"]
[Site "Arco ITA"]
[Date "2014.10.11"]
[Round "8"]
[White "Reyna Hernandez, Sandor"]
[Black "Rocchetti, Marco"]
[WhiteElo "1941"]
[BlackElo "1854"]
[Result "1-0"]
[PlyCount "79"]
[EventDate "2014.10.04"]

1. d4 Nf6 2. c4 d6 3. Nf3 Nbd7 4. Bf4 c6 5. Nc3 Qc7 6. h3 e5 7. dxe5 dxe5 8.
Bh2 Bd6 9. e3 O-O 10. Qc2 a5 11. a3 Nc5 12. Nd2 Be6 13. Be2 Rfd8 14. g4 a4 15.
g5 Nfd7 16. Bg4 Nf8 17. Nce4 Nxe4 18. Nxe4 Qa5+ 19. Ke2 Be7 20. Rac1 b5 21.
Bxe6 Nxe6 22. h4 b4 23. axb4 Qxb4 24. Bxe5 Nc5 25. Nxc5 Qxc5 26. Qc3 Bf8 27.
Rhd1 Re8 28. Bg3 Qf5 29. Rd4 a3 30. bxa3 Rxa3 31. Qc2 Qa5 32. Kf1 Bc5 33. Re4
Rd8 34. Qe2 Ra2 35. Bc7 Qd2 36. Qxd2 Rdxd2 37. Re8+ Bf8 38. Bg3 g6 39. Rb1 f6
40. Rbb8 1-0

[Event "XXVI Festival A"]
[Site "Arco ITA"]
[Date "2014.10.11"]
[Round "8"]
[White "Rondelli, Roberto"]
[Black "Joerges, Frank"]
[WhiteElo "1756"]
[BlackElo "1949"]
[Result "0-1"]
[PlyCount "78"]
[EventDate "2014.10.04"]

1. d4 d5 2. c4 e6 3. Nc3 Nf6 4. Bg5 Be7 5. e3 c6 6. cxd5 exd5 7. Bd3 Nbd7 8.
Qc2 O-O 9. Nge2 Re8 10. h3 Nf8 11. O-O-O a5 12. g4 a4 13. Rdg1 b5 14. Bxf6 Bxf6
15. Nd1 Ba6 16. Qd2 Be7 17. f4 b4 18. g5 Bxd3 19. Qxd3 c5 20. dxc5 Bxc5 21. f5
Re4 22. Nf4 Qc7 23. Kb1 Rxf4 24. exf4 Bxg1 25. Rxg1 Qxf4 26. Rg4 Qd6 27. Ne3 a3
28. b3 Qh2 29. Qc2 Qxh3 30. Qf2 Qh1+ 31. Nf1 Qh3 32. Rg3 Qh4 33. Ne3 Qh1+ 34.
Nf1 Qe4+ 35. Qc2 Qe5 36. Re3 Qf4 37. Qd3 Rc8 38. Qe2 Qxf5+ 39. Ka1 Rc1# 0-1

[Event "XXVI Festival A"]
[Site "Arco ITA"]
[Date "2014.10.11"]
[Round "8"]
[White "Rotstein, Arkadij"]
[Black "Wurm, Alexander"]
[WhiteElo "2499"]
[BlackElo "2111"]
[Result "1-0"]
[PlyCount "121"]
[EventDate "2014.10.04"]

1. g3 d5 2. Bg2 Nf6 3. d3 e6 4. Nf3 Be7 5. O-O O-O 6. Nbd2 b6 7. e4 Bb7 8. e5
Nfd7 9. Re1 c5 10. Nf1 Nc6 11. h4 b5 12. N1h2 Qb6 13. Bg5 Rae8 14. Ng4 f5 15.
exf6 Bxf6 16. Nxf6+ gxf6 17. Bh6 Rf7 18. h5 Nce5 19. Nh4 f5 20. Bf4 Ng4 21.
Nxf5 Rxf5 22. Qxg4+ Kf7 23. Bh6 Rg8 24. Qe2 Re5 25. Qd1 d4 26. Be4 Bxe4 27.
Rxe4 Qc6 28. Qe2 Rxe4 29. dxe4 e5 30. Bd2 Nf6 31. Re1 Rg4 32. Qf3 Rxe4 33. Rxe4
Qxe4 34. Qb3+ Qd5 35. Qxb5 Ne4 36. Bh6 Nf6 37. Qb8 Qf3 38. Qxa7+ Ke6 39. Qb6+
Kd7 40. Qb5+ Qc6 41. Qxc6+ Kxc6 42. Bg7 Nd7 43. Kg2 Kd5 44. Kf3 c4 45. g4 Nc5
46. Ke2 Ne6 47. Bh6 e4 48. Bd2 d3+ 49. cxd3 cxd3+ 50. Ke3 Nd4 51. Bc3 Nf3 52.
a4 Nh2 53. g5 Ng4+ 54. Kd2 Nxf2 55. g6 hxg6 56. hxg6 Ng4 57. g7 Nh6 58. a5 Kc5
59. Bf6 Kb5 60. Bg5 e3+ 61. Bxe3 1-0

[Event "XXVI Festival A"]
[Site "Arco ITA"]
[Date "2014.10.11"]
[Round "8"]
[White "Sigmund, Ingenuin"]
[Black "Iacchetti, Giovanni"]
[WhiteElo "1802"]
[BlackElo "1714"]
[Result "1-0"]
[PlyCount "87"]
[EventDate "2014.10.04"]

1. e4 d5 2. exd5 Qxd5 3. d4 Nf6 4. c4 Qd6 5. Nc3 a6 6. Be2 g6 7. Nf3 Bg7 8. O-O
O-O 9. h3 c6 10. Be3 a5 11. Qd2 Na6 12. a3 Nc7 13. Bf4 Qd8 14. b4 Ne6 15. Be3
b6 16. Rfd1 Bb7 17. Rac1 axb4 18. axb4 Ra3 19. Qb2 Qa8 20. Ra1 Rxa1 21. Rxa1
Qb8 22. Ne5 Rd8 23. Bf3 Nxd4 24. Bxd4 Rxd4 25. Nxc6 Bxc6 26. Bxc6 Qd6 27. Ra8+
Bf8 28. b5 Rd2 29. Qc1 Qd4 30. Qe1 Kg7 31. Qe3 e5 32. Qxd4 exd4 33. Na4 d3 34.
Rd8 Rd1+ 35. Kh2 Ba3 36. Bf3 Rd2 37. c5 Bxc5 38. Nxc5 bxc5 39. b6 Rb2 40. b7 d2
41. b8=Q Rxb8 42. Rxb8 Ne4 43. Rd8 f5 44. Bxe4 1-0

[Event "XXVI Festival A"]
[Site "Arco ITA"]
[Date "2014.10.11"]
[Round "8"]
[White "Simeone, Giulio"]
[Black "Pedersen, Henrik Bolding"]
[WhiteElo "1991"]
[BlackElo "2142"]
[Result "0-1"]
[PlyCount "88"]
[EventDate "2014.10.04"]

1. c4 e6 2. e4 d5 3. cxd5 exd5 4. exd5 Nf6 5. Bb5+ Nbd7 6. Nf3 a6 7. Be2 Be7 8.
O-O O-O 9. Nc3 Nb6 10. d4 Nbxd5 11. Bg5 h6 12. Bh4 Nxc3 13. bxc3 Nd5 14. Bxe7
Qxe7 15. Qb3 Nf4 16. Bd1 b5 17. Re1 Qf6 18. Bc2 Bb7 19. Re3 Bd5 20. Qa3 Nh3+
21. Kf1 Rfe8 22. Rae1 Bc4+ 23. Bd3 Bxd3+ 24. Rxd3 Rxe1+ 25. Kxe1 Nf4 26. Rd2
Nxg2+ 27. Ke2 Nf4+ 28. Kd1 Ng6 29. Ne5 Nxe5 30. dxe5 Qxe5 31. Qb3 Re8 32. Kc2
c5 33. Qa3 Re6 34. Rd8+ Kh7 35. Qb3 Qf5+ 36. Kb2 Qxf2+ 37. Ka3 Qf5 38. Rd5 Qf2
39. Qb1+ g6 40. Rd7 Kg7 41. Qd1 Re4 42. c4 Re3+ 43. Rd3 bxc4 44. Qa1+ Kh7 0-1

[Event "XXVI Festival A"]
[Site "Arco ITA"]
[Date "2014.10.11"]
[Round "8"]
[White "Stiefel, Roland"]
[Black "Krauss, Josef"]
[WhiteElo "2037"]
[BlackElo "2158"]
[Result "1/2-1/2"]
[PlyCount "63"]
[EventDate "2014.10.04"]

1. d4 d5 2. Nf3 Nf6 3. c4 c6 4. Nc3 a6 5. a4 e6 6. e3 c5 7. Be2 Nc6 8. O-O Bd6
9. Re1 O-O 10. g3 b6 11. dxc5 Bxc5 12. cxd5 exd5 13. b3 d4 14. exd4 Nxd4 15.
Nxd4 Bxd4 16. Bb2 Be6 17. Rc1 b5 18. Ba3 b4 19. Bxb4 Bxf2+ 20. Kxf2 Qb6+ 21.
Kg2 Qxb4 22. Bc4 Bxc4 23. bxc4 Rad8 24. Nd5 Qb7 25. Re5 Rfe8 26. Rxe8+ Rxe8 27.
Rc2 Qc6 28. Rf2 Qxc4 29. Rxf6 gxf6 30. Nxf6+ Kh8 31. Nxe8 Qe4+ 32. Qf3 1/2-1/2

[Event "XXVI Festival A"]
[Site "Arco ITA"]
[Date "2014.10.11"]
[Round "8"]
[White "Vaccari, Giorgio"]
[Black "Beltrami, Nerio"]
[WhiteElo "1712"]
[BlackElo "1909"]
[Result "0-1"]
[PlyCount "78"]
[EventDate "2014.10.04"]

1. e4 d6 2. d4 Nf6 3. Nc3 Nbd7 4. Nf3 e5 5. Bg5 Be7 6. Bc4 O-O 7. O-O c6 8. h3
b6 9. Re1 Bb7 10. dxe5 dxe5 11. Qe2 Qc7 12. a3 b5 13. Ba2 a5 14. Nd2 b4 15.
axb4 axb4 16. Na4 c5 17. Bb3 Ba6 18. Bc4 Bb7 19. b3 h6 20. Bh4 Rfd8 21. g4 Nf8
22. g5 N6d7 23. Qf3 Ne6 24. gxh6 Bxh4 25. h7+ Kh8 26. Qg4 Bf6 27. Nf3 Nd4 28.
Red1 Nf8 29. Rd3 Nfe6 30. Rad1 Nxf3+ 31. Qxf3 Rxd3 32. Rxd3 Rd8 33. Bxe6 Rxd3
34. Qxd3 fxe6 35. f3 Bg5 36. Kf2 Bh4+ 37. Ke2 Be7 38. Nb2 Qd6 39. Qb5 Ba6 0-1

[Event "XXVI Festival A"]
[Site "Arco ITA"]
[Date "2014.10.11"]
[Round "8"]
[White "Vezzosi, Paolo"]
[Black "Reinert, Stephane"]
[WhiteElo "2284"]
[BlackElo "2059"]
[Result "1-0"]
[PlyCount "81"]
[EventDate "2014.10.04"]

1. d4 b6 2. Bf4 Bb7 3. e3 e6 4. Nf3 Nf6 5. Bd3 c5 6. O-O Nc6 7. c3 Be7 8. h3
O-O 9. Nbd2 Rc8 10. Qe2 cxd4 11. exd4 Nd5 12. Bh2 f5 13. Rad1 Qe8 14. Nc4 Qg6
15. Nd6 Bxd6 16. Bxd6 Rf7 17. Rfe1 Nf6 18. Qe3 h6 19. Bf1 Ne4 20. Ba3 Ng5 21.
Nxg5 f4 22. Qd2 Qxg5 23. b3 Ne7 24. c4 Ng6 25. Kh2 Nh4 26. Re5 Rf5 27. Rxf5
Qxf5 28. Bd6 g5 29. Re1 Rc6 30. c5 bxc5 31. dxc5 Rc8 32. Re5 Qb1 33. Qe1 Qxa2
34. Rxe6 Qxb3 35. Re8+ Kg7 36. Qe7+ Qf7 37. Be5+ Kg6 38. Bd3+ Nf5 39. Qxf7+
Kxf7 40. Rxc8 Bxc8 41. Bxf5 1-0

[Event "XXVI Festival A"]
[Site "Arco ITA"]
[Date "2014.10.11"]
[Round "8"]
[White "Weinberg, Emanuele"]
[Black "Bisignano, Giuseppe"]
[WhiteElo "1733"]
[BlackElo "1837"]
[Result "0-1"]
[PlyCount "68"]
[EventDate "2014.10.04"]

1. d4 Nf6 2. c4 g6 3. Nc3 Bg7 4. e4 d6 5. f3 O-O 6. Be3 Nbd7 7. Qd2 e5 8. d5
Ne8 9. Bg5 f6 10. Bh6 f5 11. Bxg7 Kxg7 12. h4 h6 13. Bd3 f4 14. Qf2 Nef6 15.
Nge2 Nh5 16. O-O-O a6 17. Nb1 Nc5 18. Bc2 a5 19. Nd2 a4 20. Nf1 c6 21. g4 fxg3
22. Nfxg3 Nf4 23. Nxf4 Rxf4 24. Ne2 Rf7 25. Rdg1 a3 26. b3 h5 27. Qg3 Qf6 28.
Qg5 Qxg5+ 29. Rxg5 Rxf3 30. Rhg1 Bg4 31. Ng3 Kh7 32. Kb1 Raf8 33. Bd1 Rxg3 34.
Rxg4 Rxg4 0-1

[Event "XXVI Festival A"]
[Site "Arco ITA"]
[Date "2014.10.11"]
[Round "8"]
[White "Zangrando, Gianpietro"]
[Black "Cardarelli, Angelo"]
[WhiteElo "1864"]
[BlackElo "2041"]
[Result "0-1"]
[PlyCount "68"]
[EventDate "2014.10.04"]

1. Nf3 c5 2. g3 Nc6 3. Bg2 g6 4. O-O Bg7 5. c4 e6 6. e4 Nge7 7. Nc3 O-O 8. d3
d6 9. Rb1 a6 10. a3 Rb8 11. Bg5 b5 12. Qd2 Re8 13. Qf4 b4 14. Ne2 Ne5 15. Qd2
Qc7 16. Rfc1 N7c6 17. h3 Bd7 18. Be3 Nxf3+ 19. Bxf3 Qb6 20. Kh2 a5 21. Bg2 a4
22. axb4 Qxb4 23. Nc3 Na5 24. Qd1 Nb3 25. Na2 Qa5 26. Rc2 Rb6 27. Nc1 Nxc1 28.
Rcxc1 Bxb2 29. Bd2 Qa7 30. Rc2 a3 31. Bc3 Ba4 32. Bxb2 Rxb2 33. Rcxb2 Bxd1 34.
Rb7 a2 0-1

[Event "XXVI Festival A"]
[Site "Arco ITA"]
[Date "2014.10.11"]
[Round "8"]
[White "Ziltener, Werner"]
[Black "Catalfamo, Santo"]
[WhiteElo "1997"]
[BlackElo "1696"]
[Result "1/2-1/2"]
[PlyCount "102"]
[EventDate "2014.10.04"]

1. Nf3 b6 2. e4 Bb7 3. d3 e6 4. g3 Be7 5. Bg2 d6 6. O-O Nf6 7. b3 e5 8. Bb2 O-O
9. Nbd2 Nbd7 10. Qe2 Re8 11. Rad1 c5 12. a4 a6 13. Ra1 Qc7 14. Nc4 b5 15. axb5
axb5 16. Ne3 Rxa1 17. Rxa1 Ra8 18. Qe1 Bf8 19. Rxa8 Bxa8 20. Qa1 Bc6 21. Nd2
Qb7 22. Qa5 Qb6 23. Qxb6 Nxb6 24. f4 Nfd7 25. Nf3 f6 26. Kf2 g6 27. f5 Kf7 28.
Bh3 Bg7 29. Bg4 Nf8 30. h4 d5 31. exd5 Nxd5 32. fxg6+ hxg6 33. Nxd5 Bxd5 34.
Bc8 Bh6 35. c4 bxc4 36. bxc4 Bxf3 37. Kxf3 Bd2 38. g4 Ne6 39. Ke4 Bb4 40. Bc1
Bc3 41. Bxe6+ Kxe6 42. Be3 Bb4 43. h5 f5+ 44. gxf5+ gxf5+ 45. Kf3 f4 46. Bf2
Kf5 47. Bh4 Bd2 48. Be7 Bb4 49. Bh4 Bc3 50. Be7 Bd4 51. Bh4 Bc3 1/2-1/2

[Event "XXVI Festival A"]
[Site "Arco ITA"]
[Date "2014.10.11"]
[Round "8"]
[White "Zucchelli, Massimo"]
[Black "Knors, Rudi"]
[WhiteElo "2190"]
[BlackElo "2099"]
[Result "1/2-1/2"]
[PlyCount "85"]
[EventDate "2014.10.04"]

1. d4 d5 2. Bf4 Nf6 3. e3 c5 4. Nc3 a6 5. Nf3 cxd4 6. exd4 Bg4 7. Be2 e6 8. O-O
Be7 9. h3 Bh5 10. Re1 O-O 11. Ne5 Bxe2 12. Nxe2 Nbd7 13. c3 Nxe5 14. Bxe5 Bd6
15. Ng3 b5 16. f4 g6 17. Qd2 Re8 18. f5 exf5 19. Nxf5 Bxe5 20. Nh6+ Kg7 21.
dxe5 Ne4 22. Qe3 Qe7 23. Ng4 Qa7 24. Rad1 h5 25. Qxa7 Rxa7 26. Ne3 Rxe5 27.
Rxd5 Rxd5 28. Nxd5 f5 29. Nb4 a5 30. Nc6 Ra6 31. Nd4 b4 32. c4 Rd6 33. Nf3 Kf6
34. h4 Nd2 35. Re2 Nxc4 36. Rc2 Nb6 37. Rc5 Na4 38. Rxa5 Nxb2 39. Kf2 f4 40.
Rb5 Ra6 41. Ne1 Rxa2 42. Kf3 Ra6 43. Ke4 1/2-1/2

[Event "XXVI Festival A"]
[Site "Arco ITA"]
[Date "2014.10.12"]
[Round "9"]
[White "Anguera Maestro, Jaime"]
[Black "Perman, Sergey"]
[WhiteElo "2058"]
[BlackElo "2150"]
[Result "1/2-1/2"]
[PlyCount "43"]
[EventDate "2014.10.04"]

1. d4 Nf6 2. c4 g6 3. Nc3 Bg7 4. e4 d6 5. Nf3 O-O 6. h3 c5 7. Be3 cxd4 8. Nxd4
Nbd7 9. Be2 Nc5 10. Qc2 Nfd7 11. O-O Ne6 12. Nxe6 fxe6 13. Rad1 Qa5 14. a3 Bxc3
15. bxc3 Ne5 16. Rb1 Qc7 17. Qa2 b6 18. f4 Nf7 19. Bd4 e5 20. Be3 exf4 21. Rxf4
Be6 22. Rbf1 1/2-1/2

[Event "XXVI Festival A"]
[Site "Arco ITA"]
[Date "2014.10.12"]
[Round "9"]
[White "Astengo, Corrado"]
[Black "Joerges, Frank"]
[WhiteElo "2129"]
[BlackElo "1949"]
[Result "1-0"]
[PlyCount "67"]
[EventDate "2014.10.04"]

1. e4 d5 2. exd5 Qxd5 3. Nc3 Qd6 4. d4 Nf6 5. Nf3 a6 6. g3 b5 7. Bg2 Bb7 8. O-O
e6 9. Bf4 Qb6 10. a4 Bd6 11. Bxd6 cxd6 12. axb5 axb5 13. Qd3 b4 14. Rxa8 Bxa8
15. Qb5+ Nbd7 16. Qxb6 Nxb6 17. Nb5 Ke7 18. Ra1 Bc6 19. Ra6 Nfd7 20. Na7 Bb7
21. Ra5 Ra8 22. Nd2 d5 23. Bf1 Kf6 24. Nb3 Nc4 25. Bxc4 dxc4 26. Nc5 Nxc5 27.
dxc5 Bf3 28. c6 Ke7 29. c7 Bb7 30. c8=Q Rxc8 31. Nxc8+ Bxc8 32. Rc5 Ba6 33. Rc6
c3 34. Rxa6 1-0